Serial port complete: programming, circuitsfor Rs.232 and Rs.485 links and networks (Record no. 169988)

MARC details
000 -LEADER
fixed length control field 00482nam a2200157Ia 4500
008 - FIXED-LENGTH DATA ELEMENTS--GENERAL INFORMATION
fixed length control field 231217s9999 xx 000 0 und d
041 ## - LANGUAGE CODE
Language code of text/sound track or separate title English
082 ## - DEWEY DECIMAL CLASSIFICATION NUMBER
Classification number 004.35 AXE
100 ## - MAIN ENTRY--PERSONAL NAME
Personal name Axelson, Jan
245 #0 - TITLE STATEMENT
Title Serial port complete: programming, circuitsfor Rs.232 and Rs.485 links and networks
260 ## - PUBLICATION, DISTRIBUTION, ETC.
Date of publication, distribution, etc. 1998
Name of publisher, distributor, etc. Mumbai: PRI
300 ## - PHYSICAL DESCRIPTION
Extent xiv+306
300 ## - PHYSICAL DESCRIPTION
Dimensions CD925
650 ## - SUBJECT ADDED ENTRY--TOPICAL TERM
Topical term or geographic name entry element Serial,port,complete:,programming,,circuitsfor,Rs.232,Rs.485,links,networks
942 ## - ADDED ENTRY ELEMENTS (KOHA)
Koha item type Books
Holdings
Date last seen Total checkouts Full call number Accession number Price effective from Category Lost status Damaged status Department Withdrawn status Home library Current library Shelving location Entry date Grants Billdate Currency symbol Conversion rate Discount Old discount
26/01/2024   004.35 AXE 24007 26/01/2024 Books     Central Library   Central Library Central Library Central Library 06/12/2003 EC 06/04/2005 EURO 1    

© For any Suggestions or Query, please contact the library staff @ librarian@pes.edu or Phone: +9180 2672 1983/ 2108.